00826 2200193 4500001002100000005001500021035002000036008004100056245004100097100002300138250000600161260003900167300001200206084001400218082000800232650001000240520037000250990001200620INLIS00000000000107720240522120411 a0010-0524000312240522 1 ind 1 aJendral Kambing /cKhrisna Pabichara aPabichara, Khrisna a1 aBanten :bPT. Kaurama Buana,c2017 a209 hlm a813 KHR j a813 4aFiksi aNamanya Ibrahim. Ia lahir tanpa disaksikan sang ayah yang sedang bertugas jauh. Seolah melengkapi penderitaannya, beberapa saat setelah lahir, ibunya menghembuskan napas yang terakhir. Ayahnya baru pulang ketika usianya menginjak enam bulan. Sedari kecil ia hidup pas-pasan. Sepulang sekolah, ia menggembala kambing untuk bertahan hidup dan membiayai pendidikannya. a0744055